• 首页
  • 本馆介绍
  • 公告通知
  • 最新文献
  • 馆藏检索
  • 电子资源
  • 读者导购
  • 参考咨询
  • 我的图书馆
  • 登录
  • 详细信息显示
  • 放入我的书架
  • 预约/预借图书
  • 作者相关作品
  • 分类相关作品
  • 丛书相关作品
  • 出版社相关作品

书目信息

  • 表格格式
  • 工作单格式
  • 卡片格式
题名:
中国纪传体文献研究
    
 
作者: 王锦贵 著
分册:  
出版信息: 北京   北京大学出版社  1996
页数: 447页
开本: 32开
丛书名:
单 册:
中图分类: K062
科图分类:
主题词: 历史--研究
电子资源:
ISBN: 7-301-02941-1
000 00548nam0 2200193 45
001 0205150930
005 20031219104055.7
010    @a7-301-02941-1@dCNY24.50
100    @a20020515d1996 km y0chiy0120 ea
101 0  @achi
105    @a z 000yy
200 1  @a中国纪传体文献研究@AZhong Guo Ji Chuan Ti Wen Xian Yan Jiu@f王锦贵著@FWang Jin Gui Zhu
210    @a北京@c北京大学出版社@d1996
215    @a447页@d32开
606 0  @a历史@x研究
690    @aK062@v4
701    @a王锦贵@4著
801    @aCN@bTSTC@c20020515
905    @b310230-234@dK062@e34@f5
    
    中国纪传体文献研究/王锦贵著.-北京:北京大学出版社,1996
    447页;32开
    
    
    ISBN 7-301-02941-1:CNY24.50
    
●
相关链接 在E读中查询图书 在五车中查询图书 在当当中查询图书 在豆瓣中查询图书


正题名:中国纪传体文献研究     索取号:K062/34         预约/预借

序号 登录号 条形码 馆藏地/架位号 状态 备注
1 0310230   203102301   第二借阅区/ [索取号:K062/34] 在馆    
2 0310231   203102310   第二借阅区/ [索取号:K062/34] 在馆    
3 0310232   203102329   第二借阅区/ [索取号:K062/34] 在馆    
4 0310233   203102338   第二借阅区/ [索取号:K062/34] 在馆    
5 0310234   203102347   第二样本阅览室/ [索取号:K062/34] 在馆    
唐山师范学院图书馆 欢迎您!
大连网信软件有限公司© 版权所有